LEADER 01151nam a2200265 a 4500 001 000000105024 003 CaOOAMICUS 005 20070515154538.0 008 070515s2006 it d 000 0 ita d 020 $a88-311-9334-1 040 $aPUG$bita$dPUL$dLDA 245 00$aDizionario dell'età delle riforme (1492-1622) /$cStefano Cavallotto, Luigi Mezzadri (edd.) 260 $aRoma :$bCittà Nuova,$c©2006. 300 $a662 p. ;$c24 cm 500 $aTesto su due colonne 504 $aBibliografia: pp. [625]-660 650 04$aStoria moderna$ySec. XV-XX$xEnciclopedie e dizionari.$0(OLS)http://pul/subject/2533 700 1 $aCavallotto, Stefano,$eed.$0(OLS)http://pul/name/62495 700 1 $aMezzadri, Luigi,$cC.M,$eed.$0(OLS)http://pul/name/3559 850 $aPUL 852 $aPUL$W1$xSL Religione 3$y85$m270. 6 DIZ 1$j117631$qDDC 21 $B117575$CPULBib$Z2$F117575 $H103016 $82 941 1 $a9 996 $6020$a88-311-9334-1$9(OLS)http://pul/number/134348 996 $6245$aDizionario dell'età delle riforme (1492-1622)$9(OLS)http://pul/title/132109 996 $6260$aRoma :$bCittà Nuova$9(OLS)http://pul/publisher/47927 LEADER 01393nab a2200313 a 4500 001 000000171312 003 CaOOAMICUS 005 20190114140207.0 008 190114s2018 it tr p 0 a0ita r 032 $aLibriCat 040 $aPUL$bita 245 05$aThe "and" in Franz Rosenzweig's work : $bconnection, disjunction, contrariety /$ca cura di Irene Kajon e Francesco Valerio Tommasi. 260 $aPisa ; Roma :$bFabrizio Serra editore,$c2018. 300 $a243 p :$c24 cm. 490 1 $aArchivio di filosofia ;$v86 (2018), n. 1 504 $aBibliografia in nota a piè di pagina. 600 14$aRosenzweig, Franz,$d1886-1929$xFilosofia.$0(OLS)http://pul/subject/36997 700 1 $aKajon, Irene.$0(OLS)http://pul/name/54649 700 1 $aTommasi, Francesco Valerio.$0(OLS)http://pul/name/75570 830 0$aArchivio di filosofia (Fabrizio Serra).$0(OLS)http://pul/title/134600 850 $aPUL 852 $aPUL$W1$xSL Filosofia 1$y2$m97 L 86.1$j194999$qStampati$B199901$CPULBib$Z2$F199901 $81 941 1 $a8 983 0$aArchivio di filosofia. 983 0$aArchivio di filosofia (Bocca) 983 0$aArchivio di filosofia (CEDAM) 996 $6245$aThe "and" in Franz Rosenzweig's work : $bconnection, disjunction, contrariety$9(OLS)http://pul/title/212155 996 $6260$aPisa ; Roma :$bFabrizio Serra editore$9(OLS)http://pul/publisher/79401